zpět

Detail výsledku týmu

U Lucerny ČT, Brno

Datum a čas kvízu

22.5 Celkem bodů Celkový počet nahraných bodů na tomto kvízu bez doplňovacích otázek.
5. Pořadí na kvízu Konečné umístění týmu na tomto kvízu.

Zaznamenané odpovědi

# Otázka Odpověď Body Výsledky
1. Ve středu se v Česku uskutečni... 0
2. Drobná africká monarchie slaví... 0
3. Pořadatelé karlovarského filmo... 0
4. Česko a Slovensko dostaly od E... 1
5. Všechny tyto události se staly... 1
6. Jak se jmenuje festival dokume... 1
7. Velký úspěch minulý rok zaznam... 0
8. Olga Sommerová je od roku 2014... 0
9. Režisérka Helena Třeštíková na... 0
10. Seřaďte tyto dokumenty podle j... 0